| 000 | 00427nam a2200157 i 4500 | ||
|---|---|---|---|
| 001 | 26223 | ||
| 003 | ES-MaACL | ||
| 005 | 20230906153415.0 | ||
| 007 | t| | ||
| 008 | 030108s1913 fr ||||1| fre d | ||
| 100 | 1 |
_aAsselin, Henry. _923651 |
|
| 245 | 1 | 0 |
_aPaysages d'Asie _b: Liberie, Chine, Ceylan / _cHenry Asselin. |
| 260 |
_aConlommiers : _bP. Brodard, _c1913. |
||
| 300 |
_a234 p. ; _c18 cm. |
||
| 852 |
_aES-MaACL _jF-2884 |
||
| 999 |
_c26223 _d26223 |
||